| 000 | 00386 a2200145 4500 | ||
|---|---|---|---|
| 999 |
_c8461 _d8461 |
||
| 020 | _a0796005001 | ||
| 050 | _aPL8547 THAN 1993 | ||
| 100 |
_aThagwane, E M _eauthor |
||
| 245 |
_aIpfi La Tshinoni / _cEphraim M Thangwane |
||
| 264 |
_aPietermarizburg: _bShuter and Shooter., _c1993 |
||
| 300 | _a28 pages | ||
| 500 | _ano index | ||
| 650 | _avenda poetry | ||
| 942 |
_2lcc _cBK _h8547 _iTHA _kPL |
||